| 000 | 00907cab a2200277 4500 | ||
|---|---|---|---|
| 001 | WB3319-48 | ||
| 008 | 090401t1997 xxu||||| |||| 00| 0 eng d | ||
| 035 | _a(Sirsi) u78331 | ||
| 041 | _aeng | ||
| 245 | _aChartered surveyors learn to succeed | ||
| 260 | _c1997 | ||
| 350 | _a0 | ||
| 490 |
_aRICS Press Release _v(pr49.corp) 13 may 1997, (2) |
||
| 520 | _aThe RICS report "Learning processes in the surveying profession" outlines how chartered surveyors can develop flexible organisations to seize opportunities presented by changing market demand. | ||
| 650 | _aCHANGE | ||
| 650 | _aABOUT RICS-RICS MEMBERS | ||
| 650 | _aFLEXIBLE ORGANISATIONS | ||
| 650 | _aLEARNING | ||
| 650 | _aORGANISATIONS | ||
| 650 | _aRICS | ||
| 650 | _aSURVEYING EDUCATION | ||
| 650 | _aSURVEYING FIRMS | ||
| 690 | _aMANAGEMENT-BUSINESS MANAGEMENT-PROFESSIONAL PRACTICE | ||
| 942 | _n0 | ||
| 948 | _c15/05/1997 | ||
| 999 |
_c49297 _d49297 |
||